|
|
|
|
| LEADER |
01030nam a2200217 a 4500 |
| 003 |
GR-PaULI |
| 005 |
20201210185611.0 |
| 008 |
001113s2000 xxka f| |||1| |eng|d |
| 952 |
|
|
|0 0
|1 0
|2 ddc
|4 0
|6 577_072000000000000_7_WAI
|7 0
|9 227924
|a LISA
|b LISA
|c BSC
|d 2018-11-26
|i 14401
|l 0
|o 577.072 7 WAI
|p 027000001445
|r 2018-11-26 00:00:00
|t 1
|w 2018-11-26
|y BK15
|
| 999 |
|
|
|c 137506
|d 137506
|
| 020 |
|
|
|a 0582236347
|
| 040 |
|
|
|a GR-PaULI
|b gre
|c GR-PaULI
|d GR-AiPI
|e AACR2
|
| 082 |
0 |
4 |
|a 577.072 7
|2 23
|
| 100 |
1 |
|
|a Waite, Stephen
|9 172487
|e συγγραφέας.
|
| 245 |
1 |
0 |
|a Statistical ecology in practice :
|b a guide to analysing environmental and ecological field data /
|c Stephen Waite.
|
| 260 |
|
|
|a Harlow :
|b Pearson education,
|c 2000.
|
| 300 |
|
|
|a xx, 414 σ. :
|b εικ. ;
|c 24 εκ.
|
| 504 |
|
|
|6 Περιλαμβάνει βιβλιογραφικές αναφορές (σ.[399]-409) και ευρετήριο.
|
| 650 |
|
4 |
|a Οικολογία
|x Στατιστικές μέθοδοι
|9 118732
|
| 942 |
|
|
|2 ddc
|c BK15
|
| 998 |
|
|
|c ΜΙΧΟΣΤΑΥΡΟΥ
|d 2018-11
|